Statistics for Merged Countries #4

Click here to take the quiz!

General Stats

  • This quiz has been taken 36,316 times
  • The average score is 14 of 20

Answers on the Map

Answers color-coded by a green-red scale on the quiz's map according to % correct below.
Loading ...
 

Answer Stats

Country% Correct
United States
93%
Mexico
90%
Chile
79%
Chad
78%
Kazakhstan
77%
Germany
77%
Bolivia
76%
Italy
73%
Central African Republic
73%
Netherlands
73%
D.R. Congo
73%
Uzbekistan
72%
Oman
72%
Yemen
72%
Switzerland
70%
Uganda
58%
Ghana
56%
Ivory Coast
54%
Ukraine
53%
Moldova
47%

Score Distribution

Percentile by Number Answered

Percent of People with Each Score

Your Score History

You have not taken this quiz